| 000 | 01086cam a22002774a 4500 | ||
|---|---|---|---|
| 001 | 15027323 | ||
| 005 | 20250117104916.0 | ||
| 008 | 070928s2009 maua 001 0 eng | ||
| 020 | _a9780073375236 (hard copy : alk. paper) | ||
| 020 | _a0073375233 (hard copy : alk. paper) | ||
| 050 | 0 | 0 |
_aQR41.2 _b.W545 2009 |
| 082 | 0 | 0 |
_a616.9/041 _222 |
| 100 | 1 | _aWilley, Joanne M. | |
| 245 | 1 | 0 |
_aPrescott's principles of microbiology / _cJoanne M. Willey, Linda M. Sherwood, Christopher J. Woolverton. |
| 250 | _a1st ed. | ||
| 260 |
_aBoston : _bMcGraw-Hill Higher Education, _c2009. |
||
| 300 |
_axiv, 847 p. : _bill. ; _c28 cm. |
||
| 500 | _a"In using the seventh edition of PHK?s microbiology as the foundation for the development of principles, we identified two overarching goals." | ||
| 500 | _aIncludes index. | ||
| 650 | 0 | _aMicrobiology. | |
| 700 | 1 | _aSherwood, Linda. | |
| 700 | 1 | _aWoolverton, Christopher J. | |
| 700 | 1 |
_aPrescott, Lansing M. _tMicrobiology. |
|
| 856 | 4 | 1 |
_3Table of contents only _uhttp://www.loc.gov/catdir/toc/ecip081/2007040352.html |
| 942 |
_2lcc _cBK _n0 |
||
| 999 |
_c2608 _d2608 |
||